| 000 | 01155cam a2200337 a 4500 | ||
|---|---|---|---|
| 005 | 20260322212014.0 | ||
| 008 | data | ||
| 010 | _a 2012007681 | ||
| 020 | _a9780425246047 (pbk.) | ||
| 040 |
_aDLC _cDLC _dDLC |
||
| 042 | _apcc | ||
| 043 | _an-us-md | ||
| 050 | 0 | 0 |
_aPS3568.O243 _bP44 2012 |
| 082 | 0 | 0 |
_a813/.54 _223 |
| 099 | _aROBERN | ||
| 100 | 1 | _aRoberts, Nora. | |
| 245 | 1 | 4 |
_aThe perfect hope / _cNora Roberts. |
| 250 | _aBerkley trade pbk. ed. | ||
| 260 |
_aNew York : _bBerkley Books, _cc2012. |
||
| 300 |
_a324 p. : _bmap ; _c21 cm. |
||
| 650 | 0 |
_aBrothers _vFiction. |
|
| 650 | 0 |
_aBed and breakfast accommodations _vFiction. |
|
| 650 | 0 |
_aMan-woman relationships _vFiction. |
|
| 651 | 0 |
_aBoonsboro (Md.) _vFiction. |
|
| 655 | 7 |
_aLove stories. _2gsafd |
|
| 906 |
_a7 _bcbc _corignew _d1 _eecip _f20 _gy-gencatlg |
||
| 925 | 0 |
_aacquire _b1 shelf copy _xpolicy default |
|
| 925 | 1 |
_aacquire _b2 shelf copies _xpolicy default |
|
| 955 |
_wrd06 2012-03-07 _frc17 2012-11-09 CIP ver. to BCCD (telework); _trg07 2013-04-09, c. 2 -3 to CALM |
||
| 001 | data | ||
| 999 |
_c298 _d298 |
||